| Tag |
First Indicator |
Second Indicator |
Subfields |
| LEADER |
00000cam a2200000 4500 |
| 001 |
in00000045497 |
| 005 |
20151007073119.0 |
| 008 |
800516s1945 nyuab r 00010 eng |
| 010 |
|
|
|a 45036158
|
| 035 |
|
|
|a (OCoLC)06324829
|
| 035 |
|
|
|9 AAE9149AM
|
| 040 |
|
|
|a DLC
|c CLE
|d TXA
|d UtOrBLW
|
| 049 |
|
|
|a TXAM
|c [128890]
|
| 050 |
|
0 |
|a TK6555
|b .U7 1945
|
| 082 |
0 |
|
|a 621.38416
|
| 092 |
|
|
|a 621.38416
|b U58d
|
| 110 |
1 |
|
|a United States.
|b Office of Inter-American Affairs.
|
| 245 |
1 |
0 |
|a Data and rates of radio stations in the other American republics and Puerto Rico /
|c Prepared by the Office of inter-American affairs, Washington, D.C.
|
| 264 |
|
1 |
|a [New York],
|b [publisher not identified] ;
|c [1945]
|
| 264 |
|
3 |
|b [Koppel printing co., inc.],
|
| 264 |
|
4 |
|c [©1945]
|
| 300 |
|
|
|a 144 pages :
|b illustrations (maps) ;
|c 28 cm.
|
| 336 |
|
|
|a text
|b txt
|2 rdacontent
|
| 337 |
|
|
|a unmediated
|b n
|2 rdamedia
|
| 338 |
|
|
|a volume
|b nc
|2 rdacarrier
|
| 650 |
|
0 |
|a Radio stations
|v Directories.
|
| 650 |
|
0 |
|a Radio
|z Latin America.
|
| 999 |
|
|
|a MARS
|
| 999 |
f |
f |
|s 99973b66-6e35-340e-b0b7-b1815ee03a20
|i 8c2c41f3-69a0-3318-80ce-17a4299e82fe
|t 0
|
| 952 |
f |
f |
|p ric
|a Texas A&M University
|b Rellis Campus
|c Joint Library Facility
|d Remote Storage
|t 0
|e TK6555 .U7 1945
|h Library of Congress classification
|i unmediated -- volume
|m A14801038998
|
| 998 |
f |
f |
|a TK6555 .U7 1945
|t 0
|l Remote Storage
|